Homenaje a José Barrios / (Registro nro. 7205)
[ vista simple ]
| 000 -LEADER | |
|---|---|
| fixed length control field | 00890nam a22002297a 4500 |
| 003 - CONTROL NUMBER IDENTIFIER | |
| control field | OSt |
| 005 - DATE AND TIME OF LATEST TRANSACTION | |
| control field | 20210302092251.0 |
| 008 - FIXED-LENGTH DATA ELEMENTS--GENERAL INFORMATION | |
| fixed length control field | 210216s2015 ck ao||gr|||| 00| 0bspa d |
| 040 ## - CATALOGING SOURCE | |
| Original cataloging agency | CO-JMCR |
| Transcribing agency | CO-JMCR |
| 041 0# - LANGUAGE CODE | |
| Language code of text/sound track or separate title | spa |
| 082 04 - DEWEY DECIMAL CLASSIFICATION NUMBER | |
| Classification number | 781.7861 / |
| Item number | S161h |
| Edition number | 23 |
| 100 1# - MAIN ENTRY--PERSONAL NAME | |
| Personal name | Salcedo Ramos, Alberto, |
| Relator term | autor |
| 9 (RLIN) | 1113 |
| 245 10 - TITLE STATEMENT | |
| Title | Homenaje a José Barrios / |
| Statement of responsibility, etc. | texto de Alberto Salcedo Ramos ; fotos de Juan Ruy Castaño |
| 250 ## - EDITION STATEMENT | |
| Edition statement | Primera edición |
| 260 ## - PUBLICATION, DISTRIBUTION, ETC. | |
| Place of publication, distribution, etc. | Bogotá : |
| Name of publisher, distributor, etc. | Semana, |
| Date of publication, distribution, etc. | 2015 |
| 300 ## - PHYSICAL DESCRIPTION | |
| Extent | 63 páginas |
| Other physical details | fotografias a color ; |
| Dimensions | 20 cm + |
| Accompanying material | 1 CD. |
| 500 ## - GENERAL NOTE | |
| General note | incluye CD. |
| 505 ## - FORMATTED CONTENTS NOTE | |
| Formatted contents note | Carlos Vives -- Andrés Cepeda -- Chabuco -- Fonseca -- Adriana Lucía -- Toño Arnedo -- Monsieur Periné -- Cholo Valderrama -- Herencia de Timbiquí |
| 650 24 - SUBJECT ADDED ENTRY--TOPICAL TERM | |
| Topical term or geographic name entry element | Músicos colombianos |
| General subdivision | Biografías. |
| 9 (RLIN) | 10853 |
| 650 24 - SUBJECT ADDED ENTRY--TOPICAL TERM | |
| Topical term or geographic name entry element | Barros, José, |
| Chronological subdivision | 1915-2007 |
| General subdivision | Biografías |
| 9 (RLIN) | 13539 |
| 942 ## - ADDED ENTRY ELEMENTS (KOHA) | |
| Source of classification or shelving scheme | Dewey Decimal Classification |
| Koha item type | Books |
| Withdrawn status | Lost status | Source of classification or shelving scheme | Damaged status | Not for loan | Home library | Current library | Shelving location | Date acquired | Source of acquisition | Total Checkouts | Full call number | Barcode | Date last seen | Date last checked out | Copy number | Price effective from | Koha item type |
|---|---|---|---|---|---|---|---|---|---|---|---|---|---|---|---|---|---|
| Dewey Decimal Classification | Biblioteca Pública José María del Castillo y Rada | Biblioteca Pública José María del Castillo y Rada | General Stacks | 10/02/2020 | Donación | 1 | 781.7861 / S161h | 201810393 | 05/16/2024 | 07/24/2023 | Ej.1 | 10/02/2020 | Books | ||||
| Dewey Decimal Classification | Biblioteca Pública José María del Castillo y Rada | Biblioteca Pública José María del Castillo y Rada | Audio Visual | 10/02/2020 | Donación | 781.7861 / S161h | 201810394 | 03/02/2021 | Ej.1 | 10/02/2020 | Music |